Quizzes
Events
Quiz Creation
Community
Videos
Private Events
Remove Ads
Sign In
Join for FREE
Feedback
Dark Mode
Quiz Categories
Sports
Geography
Music
Movies
Television
Just For Fun
Miscellaneous
History
Literature
Language
Science
Gaming
Entertainment
Religion
Holiday
For Kids
Quiz Lab
Recent
Popular Today
Quiz Kudos Today
Editor Picks
Curator Picks
Quizzes by...
Day
Popularity
Type
Ratings
Length
Year
Community
Subscriptions
Recent Discussions
Orange Saloon
Badges
Playlists
Quests
Create
Leaderboards
Showdown
Live 5
Trivia Bingo
Activity
Puzzle Library
Sporcle Events
Private Events
Virtual Trivia
Globe League
Become a Host
Pub Owners
SporcleCon
Opinionation
Our Games
Videos
Blog
Mobile Apps
Partnerships
Remove Ads and Go Orange
Feedback
Music
Pop Music
The Beatles
Song
Album
Lyrics
Bands
Singers
Artist
Clip
Rock
Rap
Classical
Billboard
Country Music
Kpop
Taylor Swift
Music
Pop Music
The Beatles
Song
Album
Lyrics
Bands
Singers
Artist
Clip
Rock
Rap
Classical
Billboard
Country Music
Kpop
Taylor Swift
Random Quiz
Search Sporcle
×
Quiz Lab
Quiz Lab
Music
Society
Type in answers that appear in a list
Type in answers that appear in a list
Classic
Best Score? Go Orange.
Who Wants to be a Millionaire? Lyrics Stats
Can you name the Who Wants to be a Millionaire? Lyrics?
By
ClassicHollywood
5m
196 Questions
69 Plays
69 Plays
69 Plays
Comments
Comments
Give Quiz Kudos
Give Quiz Kudos
-
- Ratings
hide this ad
More Info
Replay
Link that replays current quiz
Next Quiz
Link to next quiz in quiz playlist
You Got
0%
They Got
Avg Score
66%
Avg Friend Score
Upgrade to see
Score Distribution
Jump to the score distribution portion of the page
Score
0/196
Timer
05:00
0
Plays Today
Lyric
% Correct
a
98.6%
a
98.6%
a
98.6%
a
98.6%
a
98.6%
a
98.6%
a
98.6%
a
98.6%
a
98.6%
a
98.6%
a
98.6%
a
98.6%
a
98.6%
I
95.7%
I
95.7%
I
95.7%
I
95.7%
I
95.7%
I
95.7%
I
95.7%
I
95.7%
I
95.7%
I
95.7%
I
95.7%
I
95.7%
I
95.7%
I
95.7%
I
95.7%
I
95.7%
I
95.7%
I
95.7%
I
95.7%
I
95.7%
I
95.7%
I
95.7%
I
95.7%
I
95.7%
Want
91.3%
Want
91.3%
Want
91.3%
Want?
91.3%
Want
91.3%
Who
89.9%
Who
89.9%
Who
89.9%
Who
89.9%
Who
89.9%
Who
89.9%
Who
89.9%
Who
89.9%
Who
89.9%
Who
89.9%
Who
89.9%
Who
89.9%
Who
89.9%
Who
89.9%
Who
89.9%
to
88.4%
to
88.4%
to?
88.4%
to
88.4%
to
88.4%
to
88.4%
to
88.4%
to
88.4%
To
88.4%
Lyric
% Correct
to
88.4%
to
88.4%
be
87%
Millionaire?
87%
be
87%
Millionaire?
87%
be
87%
Millionaire?
87%
Wants
84.1%
Wants
84.1%
Wants
84.1%
Wants
84.1%
Wants
84.1%
Wants
84.1%
Wants
84.1%
Wants
84.1%
Do
84.1%
Do
84.1%
Wants
84.1%
Wants
84.1%
Wants
84.1%
Wants
84.1%
Wants
84.1%
Do
84.1%
Wants
84.1%
Wants
84.1%
You
81.2%
You
81.2%
You
81.2%
Is
76.8%
Is
76.8%
Is
76.8%
Is
76.8%
Don't
72.5%
Don't
72.5%
Don't
72.5%
Don't
72.5%
Don't
72.5%
Don't
72.5%
Don't
72.5%
Don't
72.5%
Don't
72.5%
Don't
72.5%
Don't
72.5%
Don't
72.5%
Don't
72.5%
Don't
72.5%
Don't
72.5%
Don't
72.5%
Don't
72.5%
Don't
72.5%
No
68.1%
an
66.7%
All
65.2%
All
65.2%
All
65.2%
the
60.9%
the
60.9%
and
59.4%
Cause
59.4%
and
59.4%
Cause
59.4%
and
59.4%
And
59.4%
and
59.4%
Cause
59.4%
Lyric
% Correct
Have
56.5%
In
55.1%
Every
50.7%
Champagne?
49.3%
Hate
47.8%
Supersonic
47.8%
Plane?
46.4%
Everywhere?
44.9%
Estate?
44.9%
Estate
44.9%
Yacht?
44.9%
Yacht?
44.9%
too?
43.5%
too?
43.5%
Country
42%
Country
42%
Something
42%
Wallow
42%
Swimming
42%
Pool
42%
I'd
40.6%
Not
40.6%
Fancy
40.6%
Car?
39.1%
of
37.7%
of
37.7%
at
37.7%
on
34.8%
oh
34.8%
Sir
31.9%
How
30.4%
Caviar?
29%
Met?
29%
Flashy
27.5%
Flunkies
24.6%
Gigantic
24.6%
Foreign
24.6%
Go
23.2%
Sleep
21.7%
Through
21.7%
Wagner
21.7%
Private
20.3%
Chauffeur?
20.3%
Chauffeur
20.3%
Tire
18.8%
Landing
17.4%
Uranium
17.4%
Spare?
17.4%
Swell
17.4%
Opera
17.4%
Bother
15.9%
Bet?
15.9%
Field
14.5%
Box
14.5%
Ride
13%
Behind
13%
Liveried
13%
Liveried
13%
I'll
13%
Marble
11.6%
Affair
11.6%
Journey
7.2%
Corner
5.8%
Cartiers
5.8%
Quiz Playlist
Details
Report
Send in Message
Add To Playlist
More Info:
Can you guess all the lyrics to 'Who Wants to Be a Millionaire?' as performed by Frank Sinatra and Celeste Holm from the 1956 musical, High Society?
Classic:
Type in answers that appear in a list
Last Updated: Feb 16, 2017
Quiz Scoreboard
CHALLENGE
Sign Up to Join the Scoreboard
Show All
Scores
Hide
Comments
May contain spoilers
Recently Published
College Basketball Coaching Resumes
by pancakes188
Sports
9m
Billboard Blitz: Fleetwood Mac
by CooCooCachoo
Music
15s
Presidents Visiting Landmarks
by Hejman
History
7m
More to Explore
Quiz From the Vault
Featured Blog Post
Where Did the Easter Bunny Come From?
hide this ad
You Might Also Like...
Tags
1956
Frank Sinatra
millionaire
Society
Today's Top Quizzes in Music
Browse Music
hide this ad
Today's Top Quizzes in Society
Browse Society
Top Contributed Quizzes in Music
1
Taylor Swift All Songs (2024)
2
Guess the Artist- 70s Songs
3
7-to-1: Billboard Hot 100 #1 Hits of 2010s
4
Sorting Albums and Songs
5
Taylor Swift Logic Puzzle
6
KPOP LOGIC QUIZ
7
One Thing in Common: Music
8
Guess the Taylor Swift song (Mystery Song)
9
2010s Album by Cover III
10
Guess The Taylor Swift Lyrics Song #1
Explore More
Trending Topics
Kpop
Marvel
Crossword
Anime
Disney
Harry Potter
NBA
Pokémon
Puzzle
WWE
The Office
Country
Soccer
NFL
Song
hide this ad
More By:
ClassicHollywood
Quiz
Plays
Rating
Category
Featured
Created
Alfred Hitchcock's Highest Rated Films
664
3.88
Movies
Feb 1, 2013
What's My Line? Mystery Guests
322
5.00
Television
Dec 31, 2012
150 Highest Rated IMDB Films (1938-61)
272
4.80
Movies
Jan 15, 2013
Audrey Hepburn Tribute
234
5.00
Movies
Jan 20, 2013
Classic Hollywood jumbles
209
4.00
Movies
Jan 5, 2013
Go to Creator's Profile
Score Distribution
Quiz Creator Spotlight
ClassicHollywood
Follow
Send a Message
Quizzes Created
-
Created Quiz Play Count
-
More By This Creator
Popular Quizzes Today
1
Find the US States - No Outlines Minefield
2
Find the Countries of Europe - No Outlines Minefield
3
The Countries of the World
4
Find the US States
5
Risky Map Clicking: Biggest States A-Z
6
US States
7
Popular People in 1961
8
Movies - When Are They Set?
More Music Quizzes
Musicians by Their Real Name
Published
Trending Quizzes
Risky Map Clicking: Least Populous States A-Z
1-10 Letter G Words
1-10 Letter F Words
Risky Map Clicking: Next State Alphabetically
Click the Washington State Counties! (Map)
Recently Updated
Leaping Animals
pecheneg
Reality TV Shows (A-Z)
bhenderson79
Rickey Henderson's Hall of Fame Teammates
pecheneg
Champions League XIs: Arsenal
pecheneg
Quick Pick: Celebrities in WWE's Hall of Fame
aduchscher
A-Z Keypad Blitz II
pecheneg
Multiple Oscar Actors
pecheneg
Mystery Phrase Blitz: Oscar 'Best Actors'
pecheneg
F. Scott Fitzgerald Novels
LTH
Pick 3 Villains
ddd62291
Trending Topics
Harry Potter
Anime
Disney
Kpop
NBA
Crossword
Marvel
The Office
WWE
Song
Soccer
Country
Pokémon
NFL
Puzzle
Your Account Isn't Verified!
In order to create a playlist on Sporcle, you need to verify the email address you used during registration. Go to your
Sporcle Settings
to finish the process.
Report this User
Report this user for behavior that violates our
Community Guidelines
.
Details:
Send Report
Go to the Sporcle.com Mobile Site →
Comments